00000000nam##2200000za#4500
0019.600885
003CaOODSP
00520210624205813
007cr |||||||||||
008150406|1996||||xxc|||||o    f|0| 0 fre|d
040 |aCaOODSP|bfre
043 |an-cn---
0861 |aNM95-57/1-2-1996F-PDF
1101 |aCanada.|bPatrimoine canadien. |bInstitut canadien de conservation.
24510|aNettoyage des vitrines de verre et d'acrylique |h[ressource électronique]
260 |aOttawa - Ontario : |bPatrimoine canadien. |cc1996.
300 |a2p.
4901 |aNotes de l'ICC |v1/2
500 |aLe nº de catalogue (NM95-57/1-2-1983F) et l'ISSN (1191-7237) copiés dans cette édition électronique sont incorrects.
590 |a11-09-Supp|b2011-06-30
77508|tCleaning glass and acrylic display cases |w(CaOODSP)9.570118
830#0|aNotes de l'ICC ;|v1/2|w(CaOODSP)9.502751
85640|ahttp://publications.gc.ca|qPDF|s516 Ko|uhttps://publications.gc.ca/collections/collection_2011/pc-ch/NM95-57-1-2-1996-fra.pdf|y1/2